De ordinibus militaribus, disquisitiones canonicae theologicae, morales et historicae pro foro interno et externo.

Detalles Bibliográficos
Autor principal: MENDO, Andrés
Formato: Libro
Publicado: Lyon 1668
Edición:2a. ed.
Materias:
Colección:Banco de datos
Acervo:Biblioteca del Convento de San Pablo. Yuririahupándaro. Guanajuato
Tema general:Derecho Eclesiástico
Notas:Regular. No identificada 1. 2C5, 15.
LEADER 00764nam a22002050004500
035 |a 36697 
036 |a 2338 
100 1 |a MENDO, Andrés 
245 1 0 |a De ordinibus militaribus, disquisitiones canonicae theologicae, morales et historicae pro foro interno et externo. 
250 |a 2a. ed. 
260 |a Lyon  |b Horacio Boissat y Jorge Remeo imp.  |c 1668 
500 |a Regular. No identificada 1. 2C5, 15. 
650 1 0 |a Derecho Eclesiástico 
949 |a CRG-CY 
959 |a Ex convento de San Pablo, Museo Regional de Yuririahpúndaro, Guanajuato  |b CCC9 
960 |a Convento San Pablo Yuririahpúndaro, Guanajuato  |b DD86 
961 |a Agustina  |b OA 
942 |c CRG-CY 
943 |g Biblioteca del Convento de San Pablo. Yuririahupándaro. Guanajuato 
999 |c 957363  |d 957363